000 00591nam a2200241 a 4500
001 nice12345678
003 IN_TiNIC
005 20260116013839.0
008 050524s1992 dela grp 000 0 eng
020 _a
_c45
082 0 0 _a340.59
_bMUS
100 _aMuslehussin, Mohammad
245 _aBanking and Islamic Law
260 _aDelhi
_bInternational Islamic Publisher
_c1992
300 _a153p
500 _aincludes index and biblioraphy
505 2 _aIndex
650 _aIslamic-Law
700 1 _aMuslehussin, Mohammad
902 _bSRS
942 _cBK
999 _c12796
_d12796